000 00603nam a2200229Ia 4500
003 OSt
005 20220918201846.0
006 a|||||r|||| 00| 0
007 ta
008 220917b |||||||| |||| 00| 0 eng d
024 _a96,991
037 _cTextual
040 _aARTS
_cARTS
_beng
041 _2eng
_aeng
082 _aV2:2:9ZqN49:90x, J2
100 _aMisra B R
_9101032
245 0 _aEconomic aspests of the Indain constitution
260 _aNA
_bNA
_c1952
650 _aHISTORY
942 _hV2:2:9ZqN49:90x, J2
_cTEXL
_2CC
999 _c220591
_d220591